Locutions latines utilisées en français - Statistiques

Statistiques générales
  • Ce quiz a été pris 55 fois
  • Le résultat moyen est 17 sur 30
Statistiques - réponses
Question Réponse % Correct
L'alpha et l'oméga le commencement et la fin
87%
Ab absurbo Par l'absurde
87%
Aut Caesar, aut nihil Soit César soit rien
87%
Casus belli Acte susceptible de provoquer la guerre
80%
De jure De droit
80%
Homo homini lupus L'homme est un loup pour l'homme
80%
Manu militari Par la force armée
80%
Vice versa Réciproquement
73%
Vox populi, vox dei Voix du peuple, voix de Dieu
73%
Ubi et orbi A la ville et au monde
67%
Beati pauperes spiritu Heureux les pauvres d'esprit
67%
Modus vivendi Manière de vivre
67%
Requiescat in pace Qu'il repose en paix
67%
Sic transit gloria mundi Ainsi passe la gloire du monde
60%
Panem et circenses du pain et des jeux du cirque
60%
Dixi J'ai dit
60%
Veto J'empêche
60%
Bis dat qui cito dat Qui donne vite, deux fois donne
60%
Ab imo pectore Du fond du coeur
53%
Cave ne cadas Prend garde à la chûte
47%
Non olet Sans odeur
47%
Nervus rerum Le noeud du problème
40%
Ubi bene, ibi patria On est bien où est la patrie
40%
Vae soli Malheur à l'homme seul
33%
In extenso En entier
27%
Acte est fabula La pièce est jouée
27%
Nunc est bibendum C'est maintenant qu'il faut se réjouir
20%
Margaritas ante porcos Des perles aux cochons
20%
Ex voto Après un voeu
13%
Ab intestat sans testament
13%
Aucun quiz correspondant
Distribution des résultats
% des personnes avec chaque résultat
Percentile par nombre de réponses
Votre historique - résultats
Vous n’avez pas pris ce quiz